| 000 | 00584cam a2200193 4500 | ||
|---|---|---|---|
| 008 | 090401t1987 xxu||||| |||| 00| 0 eng d | ||
| 020 | _a094787786X | ||
| 035 | _a(Sirsi) u70922 | ||
| 041 | _aeng | ||
| 050 | _a368.56 | ||
| 100 | _aMadge, Peter | ||
| 245 | 2 | _aA concise guide to the 1986 JCT insurance clauses: a supplement to A Guide to the indemnity and insurance aspects of building contracts | |
| 260 |
_aLondon _bRIBA Publications Limited _c1987 |
||
| 300 | _a144p. ; 24cm. | ||
| 350 | _a10.95 | ||
| 650 | _aJOINT CONTRACTS TRIBUNAL | ||
| 942 | _n0 | ||
| 948 | _c04/03/1997 | ||
| 999 |
_c95360 _d95360 |
||